Normal view
MARC view
- Sheikh Ul Haddis Molana Saleem Ullah Khan
Entry Personal Name
001 - CONTROL NUMBER
- control field: 51173
003 - CONTROL NUMBER IDENTIFIER
- control field: NUST
005 - DATE AND TIME OF LATEST TRANSACTION
- control field: 20210314134925.0
008 - FIXED-LENGTH DATA ELEMENTS
- fixed length control field: 210314|| aca||aabn | a|a d
040 ## - CATALOGING SOURCE
- Original cataloging agency: NUST
- Transcribing agency: NUST
100 ## - HEADING--PERSONAL NAME
- Personal name: Sheikh Ul Haddis Molana Saleem Ullah Khan
670 ## - SOURCE DATA FOUND
- Source citation: Work cat.: (NUST): Sheikh Ul Haddis Molana Saleem Ullah Khan, مجالس علم وزکر, 2006
